000 00550nam a22001697a 4500
010 _aENG-120299
020 _a9789381626313
_c550.00
035 _aEN-103831
037 _bDBAD/PUB
082 _a883.092
100 _aSlawenski, Kenneth
245 _aJ.D. Salinger :
_cby Kenneth Slawenski
_ba life rised high /
260 _aChennai
_bTranquebar Press An imprint of wesland
_c2011
270 _aVenkat Towers, 165, P.H. Road, Maduravoyal,
_bChennai
_e600095
300 _ax,423p.
_c24cm(pbk).
942 _2ddc
_cEN
_h883.092
_mSLA
999 _c144034
_d144034